000 03281nkc a2200397za 4500
001 84430
003 OSt
005 20260416150051.0
007 kh boc
008 250408s1910 sp ||||| |||| 00| i|spa d
040 _cM-RABA
100 _aMartínez Terol, Federico
_d(1868-1936)
_9111150
245 1 _a[Vistas y detalles del Monasterio de Carracedo]
_c / Fotografía Terol
_h[Material gráfico]
260 _c[ca. 1910]
300 _a10 fotografías
_b: gelatina
_c; imagen 12,5 x 17 cm
_c; soporte secundario 21 x 26 cm
500 _aConjunto de diez fotografías de vistas y detalles del estado del Monasterio de Carracedo, en León, declarado Monumento Histórico–Artístico el 9 de noviembre de 1929.
500 _aFotografías montadas sobre soporte secundario de cartón con marco e inscripciones grabadas en dorado. Inscrito en el soporte: Fotografía Terol, Hortaleza 33, Madrid” ; “Representante artístico Don Ramón Saus"
500 _aEstán atribuidas al fotógrafo natural de Murcia, Federico Martínez Terol, cuyo estudio fotográfico "Fotografía Terol" de la Calle Hortaleza, 33, nº4 de Madrid, mantuvo actividad entre los años 1895 y 1936.
505 _aNumeradas a lápiz al verso
544 _aDocumentación de la Comisión Provincial de Monumentos de León sobre Carracedo: Archivo. 41-4/4 (1879-1910, 48-8/2 (1840-1880)
610 2 0 _aMonasterio de Santa María de Carracedo (León)
_9111669
651 7 _aLeón
_2embne
_975160
655 0 _aFotografías de monumentos
_9111580
852 _jFot-547 ; Fot-548 ; Fot-549 ; Fot-550 ; Fot-551 ; Fot-552 ; Fot-553 ; Fot-554 ; Fot-555 ; Fot-556
856 _3Fot-547
_uhttps://archivoybiblioteca.realacademiabellasartessanfernando.com/cgi-bin/koha/opac-retrieve-file.pl?id=610b2d48a73ef8ff6727451394360a2f
856 _3Fot-548
_uhttps://archivoybiblioteca.realacademiabellasartessanfernando.com/cgi-bin/koha/opac-retrieve-file.pl?id=941ae2b851ffc44af939d075b922b799
856 _3Fot-549
_uhttps://archivoybiblioteca.realacademiabellasartessanfernando.com/cgi-bin/koha/opac-retrieve-file.pl?id=af81801680cb1e385bb33558b899b8b8
856 _3Fot-550
_uhttps://archivoybiblioteca.realacademiabellasartessanfernando.com/cgi-bin/koha/opac-retrieve-file.pl?id=cf79ac24c57a7495a446ed99e26297bc
856 _3Fot-551
_uhttps://archivoybiblioteca.realacademiabellasartessanfernando.com/cgi-bin/koha/opac-retrieve-file.pl?id=7d94e6017b1f868eee8adfaa12d030ca
856 _3Fot-552
_uhttps://archivoybiblioteca.realacademiabellasartessanfernando.com/cgi-bin/koha/opac-retrieve-file.pl?id=5f44ffa65aae5f6bfc8d9c656f0d1cf6
856 _3Fot-553
_uhttps://archivoybiblioteca.realacademiabellasartessanfernando.com/cgi-bin/koha/opac-retrieve-file.pl?id=f7ccf5d39262203f62097445f8491b33
856 _3Fot-554
_uhttps://archivoybiblioteca.realacademiabellasartessanfernando.com/cgi-bin/koha/opac-retrieve-file.pl?id=63defe7bd970a9fc0951c243e4a7a4da
856 _3Fot-555
_uhttps://archivoybiblioteca.realacademiabellasartessanfernando.com/cgi-bin/koha/opac-retrieve-file.pl?id=e42b4ab83aa8cd193334f6ff9a0e54a8
856 _3Fot-556
_uhttps://archivoybiblioteca.realacademiabellasartessanfernando.com/cgi-bin/koha/opac-retrieve-file.pl?id=a288209c907d799101d0b96d3c5023e2
942 _2ddc
_cFOTOGRAFÍA
_n0
999 _c84430
_d84430